000 00352 a2200169 4500
001 183030
020 _a
040 _cMagnum
100 _aDostoievski, F. M.
240 1 0 _aO adolescente
_lpor
245 1 0 _aO adolescente
300 _a537
362 0 _a1967
440 1 _aJosé Olympio
697 _aLITERATURA GERAL ESTRANGEIRA
942 _cBK
999 _c183030
_d183030